000 00490nam a22001697a 4500
003 MACL
005 20160329152034.0
008 160329b xxu||||| |||| 00| 0 eng d
040 _cMACL
041 _aHindi
082 _a080
100 _aआर्य जगतराम
_948662
245 _aसफलता का रहस्‍य
260 _aनई दिल्‍ली
_bआर्य प्रकाश्‍ान
_c2006
650 _aEducation
_948663
942 _2ddc
_cHIN
999 _c53629
_d53629